| 000 | 00636nam a2200205Ia 4500 | ||
|---|---|---|---|
| 008 | 191130s2005##################000#0#eng## | ||
| 020 | _a9783631520840 | ||
| 040 |
_aACL _cACL |
||
| 082 | _a307.76094 ECK | ||
| 245 |
_aThe city and the region _cFrank Eckardt (ed.) |
||
| 260 |
_aBern _bPeter Lang _cc2005 |
||
| 300 | _a264 p. : ill., maps ; 21 cm. | ||
| 500 | _aIncludes bibliographical references | ||
| 650 | _aRegional planning - European Union countries | ||
| 650 | _aUrbanization - European Union countries | ||
| 700 | _aEckardt, Frank | ||
| 990 | _a9b39acdaac10000c258a7540a15fe890 | ||
| 991 | _a210349 | ||
| 999 |
_c302508 _d302508 |
||